Truyện cổ Mỹ
Trong tập truyện cổ này, dịch giả đã chọn dịch một số truyện cổ của các bộ lạc Indian, bị gọi nhầm như thế là vì những nhà thám hiểm đầu tiên phát hiện ra châu Mỹ. Đây là những truyện được dịch giả chọn lọc trong nhiều tác phẩm của n...
Đã lưu trong:
| 格式: | 圖書 |
|---|---|
| 語言: | Undetermined |
| 出版: |
Thành phố Hồ Chí Minh
Văn nghệ
2007
|
| 主題: | |
| 標簽: |
添加標簽
沒有標簽, 成為第一個標記此記錄!
|
| Thư viện lưu trữ: | Trung tâm Học liệu Trường Đại học Cần Thơ |
|---|
| LEADER | 01088nam a2200193Ia 4500 | ||
|---|---|---|---|
| 001 | CTU_129270 | ||
| 008 | 210402s9999 xx 000 0 und d | ||
| 020 | |c 39000 | ||
| 082 | |a 398.20973 | ||
| 082 | |b Tr527 | ||
| 245 | 0 | |a Truyện cổ Mỹ | |
| 245 | 0 | |c Trần Hữu Kham ( Sưu tầm và biên dịch ) | |
| 260 | |a Thành phố Hồ Chí Minh | ||
| 260 | |b Văn nghệ | ||
| 260 | |c 2007 | ||
| 520 | |a Trong tập truyện cổ này, dịch giả đã chọn dịch một số truyện cổ của các bộ lạc Indian, bị gọi nhầm như thế là vì những nhà thám hiểm đầu tiên phát hiện ra châu Mỹ. Đây là những truyện được dịch giả chọn lọc trong nhiều tác phẩm của nền văn học Mỹ hy vọng đem đến cho bạn đọc một món ăn tinh thần lành mạnh, bổ ích. | ||
| 650 | |a Folk literature, american,Latin Americans,Chuyện cổ Mỹ | ||
| 904 | |i Giang | ||
| 980 | |a Trung tâm Học liệu Trường Đại học Cần Thơ | ||